|
|
|
|
| LEADER |
01637nam a22003257a 4500 |
| 001 |
AAL6803 |
| 003 |
BD-DhAAL |
| 005 |
20230119121744.0 |
| 008 |
160311r20221999bg ||||| |||| 00| 0 ben d |
| 020 |
|
|
|a 9844101356
|
| 040 |
|
|
|a BD-DhAA
|c BD-DhAA
|
| 041 |
|
|
|a ben
|
| 082 |
|
|
|a 891.44
|
| 100 |
|
|
|a ইলিয়াস, আখতারুজ্জামান
|9 18419
|
| 245 |
|
|
|a আখতারুজ্জামান ইলিয়াস রচনাসমগ্র - ২ /
|c আখতারুজ্জামান ইলিয়াস
|
| 246 |
|
|
|a Akhtaruzzaman elias rachanasamgra
|
| 260 |
|
|
|a ঢাকা :
|b মাওলা ব্রাদার্স,
|c ২০০৪,
|c ১৯৯৯ [অষ্টম মুদ্রণ ২০২২]
|
| 300 |
|
|
|a ৭০১ পৃষ্ঠা :
|b চিত্র ;
|c ২২ সে.মি.
|
| 362 |
|
|
|a Vol.2
|
| 526 |
|
|
|a GenEd (Residential Campus)
|
| 541 |
|
|
|a Development Book Agency
|e 6803, 40651
|
| 600 |
|
|
|a ইলিয়াস, আখতারুজ্জামান
|d ১৯৪৩-১৯৯৭
|9 53393
|
| 650 |
|
|
|a Bengali Literature.
|9 18420
|
| 650 |
|
|
|a Bengali fiction.
|
| 650 |
|
|
|a Bengali essays.
|
| 852 |
|
|
|a Savar Campus Library
|c General Shelf
|
| 942 |
|
|
|2 ddc
|c BK
|
| 999 |
|
|
|c 37068
|d 37068
|
| 952 |
|
|
|0 0
|1 0
|2 ddc
|4 0
|6 891_440000000000000_ILI
|7 0
|9 58322
|a SCL
|b SCL
|c GEN
|d 2016-03-11
|g 350.00
|l 2
|m 6
|o 891.44 ILI
|p 3020006803
|r 2019-02-17
|s 2019-01-31
|t 1
|w 2016-03-11
|y BK
|
| 952 |
|
|
|0 0
|1 0
|2 ddc
|4 0
|6 891_440000000000000_ELI
|7 0
|9 72731
|a SCL
|b SCL
|c GEN
|d 2023-01-05
|e Development Book Agency
|g 506.00
|l 2
|m 4
|o 891.44 ELI
|p 3020040651
|r 2025-10-25
|s 2025-10-16
|t 2
|v 506.00
|w 2023-01-05
|y BK
|